La rolemita. 2da. parte
Na minha lista:
| Autor principal: | |
|---|---|
| Formato: | Livro |
| Publicado em: |
[San José , Costa Rica]
1972
|
| Tags: |
Adicionar Tag
Sem tags, seja o primeiro a adicionar uma tag!
|
MARC
| LEADER | 00000nam a2200000Ia 4500 | ||
|---|---|---|---|
| 003 | PIM145 | ||
| 005 | 20231130144715.0 | ||
| 008 | 140116s1972 cr a m 000 ||s d | ||
| 040 | |c cru CEDI | ||
| 100 | |a Rojas González, Fernando |9 15745 | ||
| 245 | |a La rolemita. 2da. parte | ||
| 260 | |a [San José , Costa Rica] |c 1972 | ||
| 300 | |a 41 hojas :ilustraciones | ||
| 500 | |a A la cabeza de la portada. Universidad de Costa Rica. Departamento de Ingeniería Mecánica | ||
| 942 | |c PIM |h PIM-145 |i PIM145 |6 PIM_145_PIM145 | ||
| 999 | |c 13494 |d 13494 | ||
